Europa: el surgimiento de una nación
Saved in:
| Main Author: | |
|---|---|
| Format: | Book |
| Language: | Spanish |
| Published: |
Madrid, España
Alianza
1973
|
| Series: | El Libro de Bolsillo. Sección Humanidades,
465 |
| Subjects: | |
| Tags: |
Add Tag
No Tags, Be the first to tag this record!
|
MARC
| LEADER | 00000nam a2200000 a 4500 | ||
|---|---|---|---|
| 001 | UCZ9127 | ||
| 003 | CL-VaPUC | ||
| 005 | 20230706170212.0 | ||
| 008 | 960301e19730000SP |||||||||||||||||spa|d | ||
| 999 | |c 244708 |d 244706 | ||
| 040 | |c Pontificia Universidad Católica de Valparaíso | ||
| 082 | 0 | 4 | |a 382.914 FRI 1973 |2 21 |
| 100 | 0 | |a Friedrich, Carl Joachim |e author |9 354353 | |
| 245 | 1 | 0 | |a Europa: |b el surgimiento de una nación |
| 260 | |a Madrid, España |b Alianza |c 1973 | ||
| 300 | |a 287 páginas | ||
| 490 | 0 | |a El Libro de Bolsillo. Sección Humanidades, |v 465 | |
| 583 | |a last modification |c 19960301 00:00:00 |k Rodrigo Vera | ||
| 650 | 0 | |a Historia |9 255047 | |
| 650 | 0 | |a Comunidad Europea |9 255772 | |
| 650 | 0 | |a Empresas |z EUROPA |9 255569 | |
| 650 | 7 | |a COMUNIDAD AGRICOLA |2 CL-VaPUC |9 354354 |z EUROPA | |
| 852 | |a BIBCUR | ||
| 942 | |c BK |2 ddc | ||
| 945 | |d 19960301 00:00:00 |a rleighto | ||
| 952 | |0 0 |1 0 |2 ddc |4 0 |6 382_914000000000000_FRI_1973 |7 0 |8 A |9 258875 |a BIBHIS |b BIBHIS |d 2019-11-19 |i 3173348 |o 382.914 FRI 1973 |p 3173348 |r 2025-01-20 |t 1 |w 2019-11-19 |y BK |k HIS | ||